000 00360nam a22001451a 4500
082 _aH1
_bSHI/O
100 _aShivshankar Mishra
245 _aO mere desh/
_cby Shivshankar Mishra
260 _aDelhi:
_bDelhi Improvement Book Centre,
_c2001.
300 _a144p.
650 _aPoetry Hindi
650 _aLiterature Hindi
650 _aLiterature
942 _cBK
999 _c32015
_d32015